000
00331 a2200145 4500
001
177466
020
_a
040
_c
Magnum
100
_a
Curto,lluis Maruny.morillo,maribel Ministral
240
1
0
_a
Escrever e ler -vol.1
_l
por
245
1
0
_a
Escrever e ler -vol.1
362
0
_a
1899
697
_a
MAGNITO: ENSINO
942
_c
BK
999
_c
177466
_d
177466